|
|
|
|
| LEADER |
00000nab a2200000 a 4500 |
| 001 |
vtls011111849 |
| 003 |
SK-MaSNL |
| 005 |
20260305000545.0 |
| 008 |
230218|1966 xo |||||||||||||||||slo| |
| 015 |
|
|
|a SNBRB
|
| 035 |
|
|
|a (uuid)3c0a712d-dc32-4dca-9487-b8aa818a3a4d
|
| 035 |
|
|
|a (urnnbn)urn:nbn:sk:snk:ar-a08frg
|
| 035 |
|
|
|a urn:nbn:sk:snk-ab9icx
|
| 040 |
|
|
|a SNKBUCL
|b slo
|c SNKBUCL
|e AACR2
|
| 041 |
0 |
|
|a slo
|
| 044 |
|
|
|a xo
|c SK
|
| 100 |
1 |
|
|a Pleva, Ján,
|d 1928-2025
|4 aut
|9 27271
|
| 245 |
1 |
0 |
|a POROVNÁVACIE ŠTÚDIUM GÉLOVÝCH TESTOV V DIAGNOSTIKE MORU OŠÍPANÝCH METÓDOU OUDINA A OUCHTERLONYHO
|c J. Pleva
|
| 773 |
0 |
|
|t Folia veterinaria
|g Roč. 10, č. 1 (1966), s. 103-108
|
| 954 |
|
|
|a odborná, vedecká literatúra pôvodná (slovenská)
|2 lita
|
| 958 |
|
|
|a OND
|
| 958 |
|
|
|a EUIPO
|
| 958 |
|
|
|a article13
|
| 999 |
|
|
|c 3214413
|d 3216343
|